000 00430nam a2200133Ia 4500
008 100328s9999 xx 000 0 und d
082 _b41152
100 _aमांडे अरुण-अनु.(मूळ लेखक-हॅरॉल्ड रॉबिन्स).
245 _aअमर
260 _bमेहता पब्लिशिंग हाऊस.
630 _aअमर
730 _aअमर
942 _cBOOK
999 _c529793
_d529790